Statistiques concernant Trouvez tous les membres du Culte de Kosmos

Cliquez ici pour prendre le quiz!

Statistiques générales

  • Ce quiz a été pris 8 fois
  • Le résultat moyen est 12 sur 42

Statistiques - réponses

BranchesRéponses% Correct
Ligue de DelosCléon l'Homme du Peuple
75%
Ligue du PéloponnèsePausanias
75%
Adorateurs de la LignéeChrysis
50%
Yeux de KosmosMidas
50%
Dieux de la Mer EgéeAsterion
25%
Héros du CulteBelos la Bête de Sparte
25%
Ligue de DelosBrison
25%
Héros du CulteDeianeira
25%
Adorateurs de la LignéeDiona de Cythère
25%
Yeux de KosmosElpenor de Phokis
25%
Filon d'ArgentEpiktetos le Prolixe
25%
Héros du CulteExekias la Légende
25%
Adorateurs de la LignéeHarpalos
25%
Yeux de KosmosHermippe
25%
Ligue de DelosIobates le Stoïque
25%
Ligue du PéloponnèseKallias
25%
Ligue de DelosKodros le Taureau
25%
Filon d'ArgentLa Chimère
25%
Ligue du PéloponnèseLagos l'Archonte
25%
Dieux de la Mer EgéeLa Pieuvre
25%
Filon d'ArgentLe Centaure d'Eubée
25%
Filon d'ArgentLe Griffon d'Argent
25%
Yeux de KosmosLe Maître
25%
Ligue du PéloponnèseLe Maquignon
25%
Dieux de la Mer EgéeLe Requin de Mytilène
25%
Héros du CulteL'Espadon
25%
Dieux de la Mer EgéeL'Hydre
25%
Filon d'ArgentMachaon le redouté
25%
Dieux de la Mer EgéeMelanthos
25%
Adorateurs de la LignéeMelite
25%
Yeux de KosmosNyx l'Ombre
25%
Héros du CulteOkytos le Grand
25%
Héros du CultePallas le Faiseur de Silence
25%
Ligue de DelosPodarkès le Cruel
25%
Ligue de DelosRexhenor la Main
25%
Ligue du PéloponnèseSilanos de Paros
25%
Ligue du PéloponnèseSkylax le Juste
25%
Dieux de la Mer EgéeSokos
25%
Yeux de KosmosSotera
25%
Adorateurs de la LignéeZoisme
25%
Adorateurs de la LignéeIokaste la Clairvoyante
0%
Filon d'ArgentPolemon le Sagace
0%

Distribution des résultats

Percentile par nombre de réponses

% des personnes avec chaque résultat

Votre développement - résultats

Vous n’avez pas pris ce quiz